Vállalati növekedés és az arra adott vezetői válaszok

Bibliographic Details
Main Author: Sajtos Szilvia
Other Authors: Németh Dr. János Pál
Format: Project work
Kulcsszavak:vállalati növekedés
vállalati életciklus
Vezetéstudomány
Csoportdinamika
Szervezeti kultúra
Online Access:http://dolgozattar.uni-bge.hu/13955

MARC

LEADER 00000nnm a2200000 i 4500
001 dolg13955
005 20171212122805.0
008 171212suuuu hu o 000 hun d
040 |a BGE Dolgozattár Repozitórium  |b hun 
041 |a hu 
100 1 |a Sajtos Szilvia 
245 1 0 |a Vállalati növekedés és az arra adott vezetői válaszok  |c Sajtos Szilvia  |h [elektronikus dokumentum] 
516 |a Project_work 
695 |a vállalati növekedés 
695 |a vállalati életciklus 
695 |a Vezetéstudomány 
695 |a Csoportdinamika 
695 |a Szervezeti kultúra 
700 1 |a Németh Dr. János Pál  |e ths 
856 4 0 |u http://dolgozattar.uni-bge.hu/13955/1/SajtosSzilvia_dolgozat.pdf  |z Dokumentum-elérés